[Event "Africa-ch Blitz (Women)"]
[Site "Casablanca"]
[Date "2019.08.28"]
[Round "9.12"]
[White "Gabatshwarwe, Refilwe"]
[Black "Wakuruwarewa, Colletta"]
[Result "1-0"]
[WhiteElo "1421"]
[BlackElo "1587"]
[PlyCount "69"]
[EventDate "2019.08.28"]
[EventType "swiss (blitz)"]
[EventRounds "9"]
[EventCountry "MAR"]
[SourceTitle "EXT 2024"]
[Source "ChessBase"]
[SourceDate "2023.10.10"]
[SourceVersion "1"]
[SourceVersionDate "2023.10.10"]
[SourceQuality "1"]

1. d4 Nf6 2. Nf3 e6 3. Bf4 Be7 4. e3 0-0 5. Bd3 h6 6. h3 d5 7. c3 c5 8. Nbd2 Nc6 9. 0-0 Re8 10. Bh2 Bd7 11. Re1 Bf8 12. e4 cxd4 13. cxd4 dxe4 14. Nxe4 Nd5 15. a3 Qb6 16. Rb1 Nxd4 17. Nxd4 Qxd4 18. Nd6 Qb6 19. Nxe8 Rxe8 20. Be2 Bc5 21. Bg3 Bc6 22. b4 Bd4 23. Bf3 a6 24. a4 Nxb4 25. Bxc6 bxc6 26. Qd2 c5 27. Red1 Rd8 28. Qe2 Qc6 29. Rbc1 Qxa4 30. Rxc5 Bxc5 31. Rxd8+ Kh7 32. Qe4+ f5 33. Qxe6 Qa1+ 34. Kh2 Nd3 35. Qxf5+ 1-0

[Event "Africa-ch Blitz (Women)"]
[Site "Casablanca"]
[Date "2019.08.28"]
[Round "5.12"]
[White "Yavo Tchetche, Marie"]
[Black "Wakuruwarewa, Colletta"]
[Result "0-1"]
[WhiteElo "1411"]
[BlackElo "1587"]
[PlyCount "92"]
[EventDate "2019.08.28"]
[EventType "swiss (blitz)"]
[EventRounds "9"]
[EventCountry "MAR"]
[SourceTitle "EXT 2024"]
[Source "ChessBase"]
[SourceDate "2023.10.10"]
[SourceVersion "1"]
[SourceVersionDate "2023.10.10"]
[SourceQuality "1"]

1. d4 Nf6 2. Nf3 e6 3. Nbd2 Be7 4. a3 d5 5. e3 0-0 6. Bd3 h6 7. h3 c5 8. dxc5 Bxc5 9. b4 Be7 10. 0-0 b6 11. Bb2 Bb7 12. Rc1 Nc6 13. c4 dxc4 14. Bxc4 Rc8 15. Ba2 Re8 16. Qe2 Bd6 17. Rfd1 Qe7 18. Bxf6 gxf6 19. Ne4 Be5 20. Nxe5 Nxe5 21. Qh5 Bxe4 22. Rxc8 Rxc8 23. Rd4 Bg6 24. Qxh6 Qf8 25. Qf4 Rc1+ 26. Kh2 Qg7 27. Rd8+ Kh7 28. Qh4+ Qh6 29. Rh8+ Kxh8 30. Qxh6+ Kg8 31. Qf4 Rc2 32. Bc4 Rxc4 33. Qxf6 Nd3 34. Qd8+ Kg7 35. Qxd3 Bxd3 36. Kg3 Rc3 37. a4 Rc4 38. a5 bxa5 39. bxa5 Rc5 40. Kf4 Rxa5 41. g4 Ra2 42. f3 Be2 43. h4 Ra4+ 44. Kg5 Bxf3 45. Kh5 Rxg4 46. e4 Rg1# 0-1

[Event "Africa-chT rapid"]
[Site "Casablanca"]
[Date "2019.08.25"]
[Round "6.1"]
[White "Wafa, Shahenda"]
[Black "Wakuruwarewa, Colletta"]
[Result "1-0"]
[WhiteElo "2139"]
[BlackElo "1587"]
[PlyCount "79"]
[EventDate "2019.08.24"]
[EventType "team-swiss (rapid)"]
[EventRounds "9"]
[EventCountry "MAR"]
[SourceTitle "EXT 2020"]
[Source "ChessBase"]
[SourceDate "2019.10.17"]
[SourceVersion "1"]
[SourceVersionDate "2019.10.17"]
[SourceQuality "1"]
[WhiteTeam "Egypt"]
[BlackTeam "Zimbabwe"]
[WhiteTeamCountry "EGY"]
[BlackTeamCountry "ZIM"]

1. e4 e6 2. d4 d5 3. Nc3 Nf6 4. e5 Nfd7 5. f4 c5 6. Nf3 Nc6 7. Be3 Be7 8. Qd2 a6 9. dxc5 Nxc5 10. 0-0-0 b5 11. Qf2 b4 12. Nxd5 Nb3+ 13. axb3 exd5 14. Bb6 Qd7 15. Bc4 Qf5 16. Bxd5 Bd7 17. Nd4 Nxd4 18. Qxd4 Rc8 19. Bc4 Be6 20. Bd3 Qg4 21. Rhg1 0-0 22. Kb1 Rc6 23. h3 Qg3 24. Qe4 g6 25. Qxc6 Qxf4 26. Qe4 Qg3 27. Qe3 Qg5 28. Qxg5 Bxg5 29. Bxa6 Rb8 30. Bc5 Bf5 31. Bd3 Be6 32. Bc4 Bxc4 33. bxc4 b3 34. cxb3 Rxb3 35. Bd6 Be3 36. Rge1 Bf2 37. Re2 Bh4 38. c5 f6 39. c6 fxe5 40. c7 1-0

[Event "Olympiad Women-42"]
[Site "Baku"]
[Date "2016.09.13"]
[Round "11.1"]
[White "Wakuruwarewa, Colletta"]
[Black "Ranasinghe, Sachini D"]
[Result "1-0"]
[WhiteElo "1716"]
[BlackElo "1731"]
[PlyCount "117"]
[EventDate "2016.09.02"]
[EventType "team-swiss"]
[EventRounds "11"]
[EventCountry "AZE"]
[SourceTitle "CBM 174 Extra"]
[Source "ChessBase"]
[SourceDate "2016.10.10"]
[SourceVersion "1"]
[SourceVersionDate "2016.10.10"]
[SourceQuality "1"]
[WhiteTeam "Zimbabwe (W)"]
[BlackTeam "Sri Lanka (W)"]
[WhiteTeamCountry "ZIM"]
[BlackTeamCountry "SRI"]

1. e4 c5 2. Nf3 Nc6 3. d4 cxd4 4. Nxd4 Nf6 5. Nc3 e5 6. Nf5 d5 7. exd5 Bxf5 8. dxc6 Qxd1+ 9. Nxd1 bxc6 10. Ne3 Bg6 11. Ba6 Rb8 12. 0-0 Bc5 13. Nc4 0-0 14. Nxe5 Bxc2 15. Bg5 Ne4 16. Bh4 g5 17. Bg3 Rxb2 18. Nd7 Rd8 19. Nxc5 Nxc5 20. Be5 Rb4 21. Rfc1 Nxa6 22. Rxc2 c5 23. Bf6 Rdb8 24. Bxg5 Rb1+ 25. Rc1 Rxa1 26. Rxa1 Kg7 27. h3 Nb4 28. Rb1 Re8 29. Be3 Rc8 30. Kf1 a6 31. a4 a5 32. Ke2 Kf6 33. Kd2 Ke5 34. Kc3 c4 35. Bb6 Nd5+ 36. Kc2 Nxb6 37. Rxb6 Kd4 38. Rb7 Rf8 39. Rd7+ Kc5 40. Kc3 Kc6 41. Ra7 Kb6 42. Re7 h5 43. Kxc4 Rc8+ 44. Kd3 Rd8+ 45. Ke3 Kc5 46. Rxf7 Kb4 47. Rf4+ Kb3 48. Re4 Rd1 49. f4 h4 50. f5 Re1+ 51. Kf3 Rf1+ 52. Ke2 Rxf5 53. Rxh4 Re5+ 54. Kf3 Rc5 55. Re4 Rf5+ 56. Kg4 Rf8 57. h4 Rg8+ 58. Kh3 Rc8 59. h5 1-0

[Event "Olympiad Women-42"]
[Site "Baku"]
[Date "2016.09.11"]
[Round "9.1"]
[White "Francis, Onkemetse"]
[Black "Wakuruwarewa, Colletta"]
[Result "0-1"]
[WhiteElo "1777"]
[BlackElo "1716"]
[PlyCount "98"]
[EventDate "2016.09.02"]
[EventType "team-swiss"]
[EventRounds "11"]
[EventCountry "AZE"]
[SourceTitle "CBM 174 Extra"]
[Source "ChessBase"]
[SourceDate "2016.10.10"]
[SourceVersion "1"]
[SourceVersionDate "2016.10.10"]
[SourceQuality "1"]
[WhiteTeam "Botswana (W)"]
[BlackTeam "Zimbabwe (W)"]
[WhiteTeamCountry "BOT"]
[BlackTeamCountry "ZIM"]

1. e4 e6 2. d4 d5 3. e5 c5 4. c3 Nc6 5. Nf3 Qb6 6. Bd3 Bd7 7. Bc2 cxd4 8. cxd4 Nb4 9. 0-0 Nxc2 10. Qxc2 Ne7 11. Nc3 Nc6 12. Be3 Be7 13. Rac1 f6 14. Qd2 0-0 15. exf6 Bxf6 16. Rfe1 Be8 17. Ne2 Qb4 18. Qc3 Bg6 19. Nf4 Bf5 20. a3 Qxc3 21. Rxc3 Be4 22. Nxe6 Bxf3 23. Nxf8 Bg4 24. h3 Bc8 25. Nxh7 Kxh7 26. Rc5 Nxd4 27. Rxd5 Nc2 28. Re2 Be6 29. Rd6 Bb3 30. Rd7 b6 31. Rc7 Nxe3 32. fxe3 b5 33. Rd2 Be5 34. Re7 Bf6 35. Rc7 a5 36. Rf2 Kg8 37. g4 Rd8 38. Re2 Rd1+ 39. Kf2 Rb1 40. Rc5 Bc4 41. Rd2 a4 42. g5 Rxb2 43. Rxb2 Bxb2 44. g6 Bxa3 45. Rc8+ Bf8 46. e4 a3 47. Ra8 b4 48. Ke3 b3 49. Kd2 b2 0-1

[Event "Olympiad Women-42"]
[Site "Baku"]
[Date "2016.09.05"]
[Round "4.50"]
[White "Wakuruwarewa, Colletta"]
[Black "Vilhete, Vania Fausto da T"]
[Result "1/2-1/2"]
[WhiteElo "1716"]
[BlackElo "1741"]
[PlyCount "100"]
[EventDate "2016.09.02"]
[EventType "team-swiss"]
[EventRounds "11"]
[EventCountry "AZE"]
[SourceTitle "CBM 174 Extra"]
[Source "ChessBase"]
[SourceDate "2016.10.10"]
[SourceVersion "1"]
[SourceVersionDate "2016.10.10"]
[SourceQuality "1"]
[WhiteTeam "Zimbabwe (W)"]
[BlackTeam "Mozambique (W)"]
[WhiteTeamCountry "ZIM"]
[BlackTeamCountry "MOZ"]

1. e4 c5 2. Nf3 d6 3. d4 cxd4 4. Nxd4 Nf6 5. Nc3 a6 6. Be3 e5 7. Nf3 Be6 8. h3 Be7 9. Be2 Qc7 10. 0-0 0-0 11. Nd5 Bxd5 12. exd5 Nbd7 13. c4 Rfe8 14. Rc1 Rac8 15. Qd2 Ne4 16. Qc2 Ndf6 17. Rfd1 b5 18. b3 bxc4 19. bxc4 Rb8 20. Nd2 Nc5 21. Rb1 Rec8 22. Rxb8 Rxb8 23. Rb1 h6 24. Kh2 Bd8 25. Rxb8 Qxb8 26. Qb1 Qc8 27. Nf1 Nfe4 28. Qc2 Ba5 29. Ng3 Nc3 30. Nf5 Qc7 31. Bf1 N5e4 32. f3 Nc5 33. Ng3 Qb8 34. Bxc5 dxc5 35. Ne4 Nxe4 36. Qxe4 Bc3 37. Bd3 g6 38. Kh1 Bd4 39. Qe2 Qb4 40. g4 Qc3 41. h4 Qc1+ 42. Qf1 Qf4 43. Kg2 Qd2+ 44. Qe2 Qf4 45. Qe4 Qc1 46. Bf1 Qd2+ 47. Qe2 Qf4 48. Qe4 Qd2+ 49. Qe2 Qf4 50. Qe4 Qd2+ 1/2-1/2

[Event "Olympiad Women-41"]
[Site "Tromsoe"]
[Date "2014.08.10"]
[Round "8.1"]
[White "Diaz, Maria MA"]
[Black "Wakuruwarewa, Colletta"]
[Result "1-0"]
[WhiteElo "2029"]
[BlackElo "1633"]
[PlyCount "103"]
[EventDate "2014.08.02"]
[EventType "team-swiss"]
[EventRounds "11"]
[EventCountry "NOR"]
[SourceTitle "CBM 162"]
[Source "ChessBase"]
[SourceDate "2014.09.17"]
[SourceVersion "1"]
[SourceVersionDate "2014.09.17"]
[SourceQuality "1"]
[WhiteTeam "Netherlands Antilles (W)"]
[BlackTeam "Zimbabwe (W)"]
[WhiteTeamCountry "AHO"]
[BlackTeamCountry "ZIM"]

1. d4 Nf6 2. c4 e6 3. Nf3 d5 4. Nc3 Be7 5. Bg5 Nbd7 6. e3 b6 7. Be2 dxc4 8. Bxc4 Bb7 9. 0-0 0-0 10. Re1 c5 11. Qe2 Ne4 12. Bf4 Ndf6 13. Red1 Qc8 14. Nxe4 Bxe4 15. Rac1 Rd8 16. Ba6 Qc6 17. Ne5 Qe8 18. Bb5 Qf8 19. Nc6 Rdc8 20. Nxe7+ Qxe7 21. dxc5 bxc5 22. Bd6 Qd8 23. Bxc5 Qc7 24. b4 Bd5 25. f3 Qe5 26. Ba6 Re8 27. Bd4 Qg5 28. e4 Bxe4 29. fxe4 e5 30. Bc5 h6 31. Bb7 Rad8 32. Bc6 Rxd1+ 33. Rxd1 Rc8 34. b5 Nh5 35. Be3 Nf4 36. Bxf4 Qxf4 37. Qf3 Qg5 38. h3 Rf8 39. Rd7 f5 40. exf5 Rxf5 41. Qd5+ Kh7 42. Qe4 Kg6 43. Rd6+ Kh7 44. Bd7 Qc1+ 45. Kh2 Qf4+ 46. Qxf4 Rxf4 47. Ra6 e4 48. Kg3 g5 49. Rxa7 Kh8 50. Bg4 e3 51. b6 Rxg4+ 52. hxg4 1-0